1989 1439 1042 1478 1650 1672 1186 1516 1696 1490 1801 1107 1626 1590 1443 1695 1851 1402 1142 1387 1628 1238 1952 1149 1402 1637 1164 1442 1030 1564 1806 1905 1392 1549 1187 1328 1995 1630 1320 1592 1420 1925 1974 1375 1399 1477 1197 1861 1689 1125 1346 1693 1019 1286 1102 1061 1107 1107 1353 1084 1421 1957 1944 1209 1227 1510 1788 1914 1525 1147 1078 1150 1196 1266 1739 1301 1913 1779 1074 1490 1322 1875 1201 1918 1989 1354 1274 1253 1762 1019 1871 1661 1578 1640 1429 1954 1129 1861 1617 BCNSPRNW ULIB Ver.6.0+V

เปลี่ยนเป็นภาษาไทย

Change to English
 แสดงรายละเอียดบรรณานุกรม
  กลับหน้าหลัก

Brief Record : Get Marc (ISO 2709) : E-mail record : QR code < ปิดหน้าต่าง
LEADER : 00000nam 2200000uu 4500
001    13399111337
003     ULIB
008    110622s2551||||th 000 0 tha d
020    9789742363031
060 04 W87^bช424ค
245 00 คู่มือทักษะการสื่อสารด้านบริการทางการแพทย์ /^cศูนย์ฝึกอบรมทักษะการสื่อสาร ฝ่ายกุมารเวชศาสตร์ โรงพยาบาลจุฬาลงกรณ์ ; บรรณาธิการ, ชิษณุ พันธุ์เจริญ, จรุงจิตร์ งามไพบูลย์
246 14 ทักษะการสื่อสารด้านบริการทางการแพทย์ :^bฉบับพกพา
246 30 ทักษะการสื่อสารด้านบริการทางการแพทย์
250    พิมพ์ครั้งที่ 2
260    กรุงเทพฯ :^bธนาเพรส,^c2551
300    107 หน้า ;^c19 ซม.
650  7 การสื่อสารทางการแพทย์^vคู่มือ
650  7 การให้คำปรึกษา
650  7 ผู้ป่วย^xการให้คำปรึกษา
700 0  ชิษณุ พันธุ์เจริญ,^eบรรณาธิการ
700 0  จรุงจิตร์ งามไพบูลย์,^eบรรณาธิการ
710 2  โรงพยาบาลจุฬาลงกรณ์. ^bฝ่ายกุมารเวชศาสตร์.^bศูนย์ฝึกอบรมทักษะการสื่อสาร
945    ^p90^l0^i15684
945    ^p90^l0^i15683
945    ^p90^l0^i15682
995    เกษร
999 ^a ใช้งานได้ทุกระบบ
รายการนี้ยังไม่มีแท็ก
คุณยังไม่ได้ล็อกอิน คุณสามารถมีกิจกรรมร่วมกับเว็บไซต์ได้ แต่ต้องล็อกอินก่อน ::
  ล็อกอิน

รายการสื่อสารสนเทศ

ลำดับที่ ประเภท เลขเรียก/บาร์โค้ด สถานที่ สถานะ
- ไม่พบข้อมูล -

รายการใกล้เคียง
    หัวเรื่อง [การให้คำปรึกษา]

BibComment


ยังไม่เคยถูกคอมเมนท์

คอมเมนท์ทรัพยากรรายการนี้
  คอมเมนท์: คู่มือทักษะการสื่..


 Copyright 2026. Bcnsprnw @Library